¡Estimular la lectura en el niño! : aparte de útil, placentero (Record no. 79621)

MARC details
000 -CABECERA
campo de control de longitud fija 00520nam a2200193 a 4500
005 - FECHA Y HORA DE LA ÚLTIMA TRANSACCIÓN
campo de control 20210219153538.0
008 - ELEMENTOS DE LONGITUD FIJA--INFORMACIÓN GENERAL
campo de control de longitud fija 991125n 000 0 u
035 ## - NÚMERO DE CONTROL DEL SISTEMA
Número de control de sistema UPN01000105703
222 ## - TÍTULO CLAVE
Título clave COMUNICACION EDUCATIVA
245 ## - MENCIÓN DE TÍTULO
Título ¡Estimular la lectura en el niño! : aparte de útil, placentero
300 ## - DESCRIPCIÓN FÍSICA
Extensión 12
362 ## - FECHAS DE PUBLICACIÓN Y/O DESIGNACIÓN SECUENCIAL
Fecha de publicación y/o designación secuencial 1981 Año 2, no. 11, sep.
653 0# - TERMINO DE INDIZACION - NO CONTROLADO
Término no controlado HABITOS DE LECTURA
653 0# - TERMINO DE INDIZACION - NO CONTROLADO
Término no controlado LECTURA
653 0# - TERMINO DE INDIZACION - NO CONTROLADO
Término no controlado NIÑOS
653 0# - TERMINO DE INDIZACION - NO CONTROLADO
Término no controlado RELACION PADRE-HIJO
904 ## - ELEMENTOS DE DATOS D LOCAL, LDD (RLIN)
a AC
b 043514
905 ## - TIPO DE MATERIAL
Tipo de material Articulo

No items available.